000 01015nam a22003377a 4500
001 048
003 DO-SdBNP
005 20180219155533.0
007 048
008 151005b1992 sp a 00| 0 spa d
020 _a8434811499
040 _aBPMSU
_bspa
_cBPMSU
092 _aXXXX
_bXXXX
100 1 _aPerera, Hilda
245 1 0 _aMai /
_cHilda Perera ; ilustración Marina Seoane ; dirección de la colección Marinella Terzi
250 _a11a. ed.
260 _aMadrid :
_bEdiciones SM,
_c1992.
300 _a114 p. :
_bil. ;
_c19 cm.
490 1 _aEl barco de vapor
_v9
500 _aLista de honor de la comisión católica española de la infancia, 1980.
521 1 _aA partir de los 12 años
586 _aPremio Lazarillo, 1975.
586 _aPremio Lazarillo, 1978.
700 1 2 _aSeoane, Marina
_eil.
700 1 2 _aTerzi, Marinella
_edir. colección
830 0 _aBarco de vapor
_n9
_gRoja
910 _a202
942 _2ddc
_cBK
945 _aInventariado, 2018/ YL
956 _aYLOCKWARD
_b10
_cBPMSU
999 _c8422
_d8422